000 00653nam a2200229Ia 4500
003 GCL
008 140319s9999 xx 000 0 ara d
020 _a0043172977
040 _aGCL /
_cGCL
082 0 4 _a658.406
_bع ت
100 1 _aعلى السلمى
245 1 0 _aتطور الفكر التنظيمى /
_cعلى السلمى
250 _aالاولى
300 _a383 ص ؛
_c24 سم
650 0 4 _aالادارة
650 0 4 _aالتنظيم
650 0 4 _aالادارة العامة
650 0 4 _aالقيادة الادارية
650 0 4 _aالتنمية الادارية
650 0 4 _aالبيروقراطية
942 _2ddc
_cBK
999 _c4952
_d4952